Spravedlivý růst : o stagnujícím Česku a prosperitě pro všechny /

Rovné šance, efektivní reformy a prosperita širší společnosti jako lék na politickou strnulost Česko si udržuje spoustu drahých nespravedlností. Chudé děti mají malou šanci získat kvalitní vzdělání. Nízkopříjmové zaměstnance drtí daňový systém. Rodiče, cizince i předlužené vytlačuje legislativa z tr...

Celý popis

Uloženo v:
Hlavní autor: Prokop, Daniel, 1984- (Autor)
Médium: Kniha
Jazyk:Czech
Vydáno: Brno : Host, 2026
Vydání:První vydání
Témata:
Celkem bylo vypůjčeno:0x
Tagy:
Žádné tagy
LEADER 03183nam a22006257i 4500
001 106461
003 CZ PrSKC
005 20260603111235.0
007 ta
008 260521s2026 xr fr 000 0 cze d
020 |a 9788027524181  |q (brožováno) 
040 |a ABA006  |b cze  |c ABA006  |d ABA006  |e rda 
072 7 |a 33  |x Ekonomie  |2 Konspekt  |9 4 
080 |a 336.22.02  |2 MRF 
080 |a 351  |2 MRF 
080 |a 37.014.5  |2 MRF 
080 |a 330.35  |2 MRF 
080 |a 330.5.055.4  |2 MRF 
080 |a 364.614  |2 MRF 
080 |a (437.3)  |2 MRF 
080 |a (0:82-4)  |2 MRF 
080 |a (049.2)  |2 MRF 
100 1 |a Prokop, Daniel,  |d 1984-  |7 hka2018988328  |4 aut  |9 110967 
245 1 0 |a Spravedlivý růst :  |b o stagnujícím Česku a prosperitě pro všechny /  |c Daniel Prokop 
250 |a První vydání 
264 1 |a Brno :  |b Host,  |c 2026 
300 |a 413 stran 
336 |a text  |b txt  |2 rdacontent 
337 |a bez média  |b n  |2 rdamedia 
338 |a svazek  |b nc  |2 rdacarrier 
504 |a Obsahuje bibliografické odkazy 
520 |a Rovné šance, efektivní reformy a prosperita širší společnosti jako lék na politickou strnulost Česko si udržuje spoustu drahých nespravedlností. Chudé děti mají malou šanci získat kvalitní vzdělání. Nízkopříjmové zaměstnance drtí daňový systém. Rodiče, cizince i předlužené vytlačuje legislativa z trhu práce. Veřejné systémy nemotivují ke zdravotní prevenci ani ekonomické iniciativě. Nic z toho už nemůžeme nazývat slepými skvrnami -- přesto se nic neděje a statisíce lidí a celé regiony stále nedosáhnou na společný blahobyt. Česko kvůli tomu dlouhodobě stagnuje a ztrácí společenskou soudržnost. Geopolitická situace, stárnutí populace a klimatická krize před nás přitom staví mnohem závažnější výzvy.  |u https://www.hostbrno.cz/spravedlivy-rust/?utm_source=google&utm_medium=cpc&utm_campaign=%5BSEA%5D%20DSA%20cel%C3%BD%20web&utm_id=21924685610&gad_source=1&gad_campaignid=21924685610&gclid=EAIaIQobChMIrK_J-PvWlAMVeKaDBx029yt4EAAYAiAAEgKBmvD_BwE 
650 0 7 |a daňová politika  |7 ph361996  |2 czenas  |9 98416 
650 0 7 |a veřejné služby  |7 ph118363  |2 czenas  |9 86095 
650 0 7 |a vzdělávací politika  |7 ph127308  |2 czenas 
650 0 7 |a ekonomický růst  |7 ph114429  |2 czenas 
650 0 7 |a hospodářská stagnace  |7 ph886198  |2 czenas  |9 105927 
650 0 7 |a sociální nerovnost  |7 ph125796  |2 czenas 
650 0 9 |a tax policy  |2 eczenas 
650 0 9 |a public utilities  |2 eczenas 
650 0 9 |a educational policy  |2 eczenas 
650 0 9 |a economic development  |2 eczenas 
650 0 9 |a economic stagnation  |2 eczenas 
650 0 9 |a social inequality  |2 eczenas 
651 7 |a Česko  |7 ge128065  |2 czenas 
651 9 |a Czechia  |2 eczenas 
655 7 |a úvahy  |7 fd134000  |2 czenas  |9 139 
655 7 |a kritiky  |7 fd180917  |2 czenas  |9 54055 
655 9 |a essays  |2 eczenas 
655 9 |a criticisms  |2 eczenas 
710 2 |a Host (vydavatelství)  |7 ko2003163544  |4 pbl  |9 117148 
910 |a UOG502 
942 |2 ddc  |c KN 
999 |d 106461 
993 |0 0  |1 421180107178  |2 ddc  |4 0  |6 33_000000000000000  |7 0  |9 99897  |b 0  |c 107178  |d 2026-06-03  |e 0  |f DOSP  |g 33  |h 549.00  |i Koupě  |l DOSP  |r 2026-06-03  |t 5  |w 2026-06-03  |y KN  |z NAUCNA  |n